LEADER 01057nam a2200289 a 4500 001 000000128578 003 CaOOAMICUS 005 20120426102813.0 008 120426s2011 it u000 u ita r 020 $a978-88-6081-987-1 040 $aPUL$bita 082 04$a260 100 1 $aSeri, Raniero.$0(OLS)http://pul/name/82172 245 13$aLa scienza della teologia /$cMassimo Baldini. 260 $aRoma :$bArmando,$c2011. 300 $a234 p. ;$c20 cm 490 1 $aScientia 650 4$aTeologia e scienza.$0(OLS)http://pul/subject/21827 830 0$aScientia.$0(OLS)http://pul/title/100001 850 $aPUL 852 $aPUL$W1$xDP2 Religione 3$y114$m260 SERRA 1$j148943$qDDC 21$B147447$CPULBib$Z2$F147447 $H119290 $82 941 1 $a9 996 $6020$a978-88-6081-987-1$9(OLS)http://pul/number/149528 996 $6082$a260$9(OLS)http://pul/classification/1887 996 $6245$aLa scienza della teologia$9(OLS)http://pul/title/162485 996 $6260$aRoma :$bArmando$9(OLS)http://pul/publisher/55055 LEADER 01053nam a2200277 a 4500 001 000000154225 003 CaOOAMICUS 005 20160923135848.0 008 160923s1942 it u000 u ita r 032 $aLibriCat 040 $aPUL$bita 100 1 $aAlbertario, Emilio,$d1885-1948.$0(OLS)http://pul/name/4226 245 10$aCorso di diritto romano :$bmatrimonio e dote /$cEmilio Albertario. 246 33$aMatrimonio e dote 260 $aMilano :$bA. Giuffrè,$c1942. 300 $a237 p. ;$c25 cm. 650 4$aDiritto romano.$0(OLS)http://pul/subject/382 850 $aPUL 852 $aPUL$W1$xDP1 Fondo G. Barberini$y122$m4 F 24$j177283$qFondi$B180253$CPULBib$Z2$F180253 $HBar821 $81 941 1 $a1 960 $aRoman law$9382 960 $aRoman law$9382 996 $6245$aCorso di diritto romano :$bmatrimonio e dote$9(OLS)http://pul/title/193812 996 $6246$aMatrimonio e dote$9(OLS)http://pul/title/193813 996 $6260$aMilano :$bA. Giuffrè$9(OLS)http://pul/publisher/48096